Michael Who? Quiz Stats

 Plays Quiz Updated Mar 22, 2018

Score 0/15 Timer 05:00
8 Plays Today
% Correct
Michael J. Fox
95.9%
Michael Jordan
91.8%
Michael Clarke Duncan
91.5%
Michael Cera
84.8%
Michael Keaton
83.1%
Michael Caine
82.2%
Michael Douglas
81.3%
Michael Fassbender
76.3%
% Correct
Michael Madsen
75.4%
Michael Sheen
67.4%
Michael Biehn
65.8%
Michael Rooker
63.1%
Michael B. Jordan
63%
Michael Shannon
61.1%
Michael Jackson
47.4%

You're not logged in!

Compare scores with friends on all Sporcle quizzes.
OR
Log In

You Might Also Like...

Show Comments

Extras

Top Quizzes Today


Score Distribution

Your Account Isn't Verified!

In order to create a playlist on Sporcle, you need to verify the email address you used during registration. Go to your Sporcle Settings to finish the process.

Report this User

Report this user for behavior that violates our Community Guidelines.

Details: